[Event "European Club Cup"]
[Site "Porto Carras GRE"]
[Date "2018.10.12"]
[EventDate "2018.10.12"]
[Round "1.2"]
[Result "1-0"]
[White "Santosh Gujrathi Vidit"]
[Black "Jasel Lopez"]
[WhiteElo "2711"]
[BlackElo "2366"]
[PlyCount "88"]

1. d4 d5 2. c4 dxc4 3. e3 e5 4. Bxc4 exd4 5. exd4 Nf6 6. Nf3 Bd6 7. O-O O-O 8.
Nc3 Nc6 9. h3 h6 10. Re1 Re8 11. Be3 Na5 12. Bd3 Nc6 13. a3 Be6 14. b4 a6 15.
Bc2 Qd7 16. Qd3 Ne7 17. Ne5 Bxe5 18. dxe5 Qxd3 19. Bxd3 Nfd5 20. Nxd5 Nxd5 21.
Bc5 Rad8 22. Bf1 Nf4 23. Rad1 Bb3 24. Rxd8 Rxd8 25. Rc1 Ng6 26. Be3 Nxe5 27. Bf4
Nd3 28. Bxc7 Nxc1 29. Bxd8 Bd1 30. Bc4 Bb3 31. Bf1 Bd1 32. Bb6 Ne2+ 33. Kh2 Nc3
34. Bd3 Nb5 35. Be4 Nxa3 36. Bxb7 Be2 37. Kg3 Nc2 38. Bc5 g5 39. f4 Bc4 40. fxg5
hxg5 41. Be4 Ne1 42. Be7 Nd3 43. Kf3 a5 44. bxa5 1-0

[Event "European Club Cup"]
[Site "Porto Carras GRE"]
[Date "2018.10.14"]
[EventDate "2018.10.12"]
[Round "3.1"]
[Result "0-1"]
[White "Aryan Tari"]
[Black "Vidit Santosh Gujrathi"]
[WhiteElo "2618"]
[BlackElo "2711"]
[PlyCount "130"]

1. e4 c5 2. Nf3 Nc6 3. Bb5 g6 4. Bxc6 bxc6 5. O-O Bg7 6. Re1
Nh6 7. c3 O-O 8. h3 f5 9. e5 Nf7 10. d3 d6 11. Bf4 Ba6 12. e6
Ne5 13. Bxe5 dxe5 14. Nxe5 Qb8 15. Qe2 Bxe5 16. Qxe5 Qxb2
17. c4 Qxe5 18. Rxe5 Rfd8 19. Re3 Rd6 20. Nd2 Rad8 21. Nb3
Rxd3 22. Rxd3 Rxd3 23. Rc1 Kg7 24. Kf1 Kf6 25. Ke2 Rd6
26. Nxc5 Bc8 27. Ke3 Bxe6 28. f4 g5 29. g3 Bf7 30. Nd3 gxf4+
31. gxf4 Kg7 32. Rg1+ Kf8 33. Ne5 c5 34. Rb1 Rh6 35. Nd7+ Ke8
36. Nxc5 Bxc4 37. a4 Rxh3+ 38. Kd4 Be2 39. Rb2 Bf1 40. Rb1 Rf3
41. Ke5 Kf7 42. Kxf5 Rc3 43. Ne4 Bd3 44. Rb4 a5 45. Rd4 Rc5+
46. Kg4 Bxe4 47. Rxe4 Kf6 48. Kh4 e6 49. Kg4 h6 50. Kg3 Kf5
51. Re3 h5 52. Kh4 Rc1 53. Kg3 h4+ 54. Kh3 Kxf4 55. Rxe6 Rh1+
56. Kg2 Ra1 57. Kh3 Rxa4 58. Re8 Kf5 59. Ra8 Ke6 60. Ra6+ Kd7
61. Rh6 Rc4 62. Kg2 Rf4 63. Rg6 a4 64. Rh6 Kc7 65. Re6 Kb7 0-1

[Event "European Club Cup"]
[Site "Porto Carras GRE"]
[Date "2018.10.15"]
[EventDate "2018.10.12"]
[Round "4.4"]
[Result "1-0"]
[White "Vidit Santosh Gujrathi"]
[Black "Ioannis Kalogeris"]
[WhiteElo "2711"]
[BlackElo "2351"]
[PlyCount "61"]

1. d4 Nf6 2. c4 e6 3. Nf3 c5 4. d5 exd5 5. cxd5 d6 6. Nc3 g6
7. Nd2 Bg7 8. e4 O-O 9. Be2 Re8 10. O-O Nbd7 11. a4 a6 12. h3
Rb8 13. a5 b5 14. axb6 Nxb6 15. Re1 Qc7 16. Bf1 Nfd7 17. Nb3
c4 18. Na5 Nc5 19. Be3 Nbd7 20. Nxc4 Ne5 21. Nxe5 Bxe5 22. Rc1
Qa5 23. Rc2 Bxc3 24. Rxc3 Rxb2 25. Qc1 Rb3 26. Rxb3 Nxb3
27. Qc6 Rf8 28. Rb1 Qa2 29. Rd1 Na5 30. Qxd6 Qc2 31. Bh6 1-0

[Event "European Club Cup"]
[Site "Porto Carras GRE"]
[Date "2018.10.16"]
[EventDate "2018.10.12"]
[Round "5.3"]
[Result "1-0"]
[White "Vidit Santosh Gujrathi"]
[Black "Michael Roiz"]
[WhiteElo "2711"]
[BlackElo "2607"]
[PlyCount "47"]

1. d4 Nf6 2. c4 e6 3. Nf3 b6 4. g3 Bb7 5. Bg2 Bb4+ 6. Bd2 Be7
7. O-O O-O 8. Nc3 c6 9. Bf4 d5 10. Qd3 Na6 11. a3 dxc4
12. Qxc4 Nd5 13. Ne5 Rc8 14. Rfd1 Nb8 15. Qa4 Nxf4 16. gxf4 a5
17. Qb3 b5 18. Rac1 Rc7 19. Ne4 Na6 20. Nc5 Nxc5 21. dxc5 Qa8
22. Be4 g6 23. Qg3 Rd8 24. f5 1-0

[Event "European Club Cup"]
[Site "Porto Carras GRE"]
[Date "2018.10.18"]
[EventDate "?"]
[Round "7.3"]
[Result "1/2-1/2"]
[White "Vidit Santosh Gujrathi"]
[Black "Eltaj Safarli"]
[WhiteElo "2711"]
[BlackElo "2676"]
[PlyCount "59"]

1. Nf3 Nf6 2. c4 e6 3. d4 d5 4. Nc3 Be7 5. Bf4 O-O 6. e3 Nbd7
7. Be2 dxc4 8. O-O a6 9. a4 c5 10. dxc5 Nxc5 11. Bxc4 Qxd1
12. Rfxd1 Bd7 13. Ne5 Rfd8 14. Nxd7 Rxd7 15. Kf1 Rad8 16. Rxd7
Rxd7 17. Rc1 Nd3 18. Bxd3 Rxd3 19. Ke2 Rd7 20. f3 Kf8 21. e4
Rd4 22. b3 Rb4 23. Rb1 Rb6 24. Na2 Ke8 25. Be3 Rc6 26. Rc1 Kd7
27. Rd1+ Ke8 28. Rc1 Kd7 29. Rd1+ Ke8 30. Rc1 1/2-1/2

[Event "Asian Continental"]
[Site "Xingtai CHN"]
[Date "2019.06.15"]
[EventDate "2019.06.07"]
[Round "9.5"]
[Result "1-0"]
[White "Vidit Santosh Gujrathi"]
[Black "Pouya Idani"]
[WhiteElo "2707"]
[BlackElo "2597"]
[PlyCount "113"]

1. d4 d5 2. c4 dxc4 3. Nf3 Nf6 4. e3 a6 5. Bxc4 b5 6. Be2 Bb7
7. a4 b4 8. O-O e6 9. b3 Nbd7 10. Bb2 c5 11. Nbd2 Be7 12. Nc4
O-O 13. Rc1 Rc8 14. Qc2 Be4 15. Bd3 Bxd3 16. Qxd3 cxd4
17. Bxd4 Qc7 18. Rfd1 Qb7 19. Na5 Qa8 20. h3 Rxc1 21. Rxc1 Rc8
22. Rc4 h6 23. Qc2 Rxc4 24. Qxc4 Bd6 25. Nc6 Qb7 26. Nfe5 Nxe5
27. Bxe5 Bxe5 28. Nxe5 Ne4 29. Qd4 Nc3 30. Qd8+ Kh7 31. Nd7
Qd5 32. Nf8+ Kg8 33. Nd7+ Kh7 34. Nf8+ Kg8 35. Nxe6+ Qxd8
36. Nxd8 Nxa4 37. Nb7 Kf8 38. Kf1 Nc3 39. Ke1 Ke7 40. Nc5 a5
41. Kd2 f5 42. Kd3 Kf6 43. Kd4 g5 44. Nd3 h5 45. Kc5 h4
46. Kb6 a4 47. bxa4 Nxa4+ 48. Kb5 Nc3+ 49. Kxb4 Ne4 50. f3 Ng3
51. Kc4 Ke6 52. f4 g4 53. Ne5 gxh3 54. gxh3 Ne4 55. Kd3 Nf2+
56. Ke2 Nxh3 57. Ng6 1-0

[Event "Biel"]
[Site "Biel SUI"]
[Date "2019.07.27"]
[EventDate "2019.07.27"]
[Round "3.4"]
[Result "1/2-1/2"]
[White "Parham Maghsoodloo"]
[Black "Vidit Santosh Gujrathi"]
[WhiteElo "2656"]
[BlackElo "2703"]
[PlyCount "105"]

1. e4 e5 2. Nf3 Nc6 3. Bb5 a6 4. Bxc6 dxc6 5. d4 exd4 6. Qxd4
Qxd4 7. Nxd4 Bd7 8. Nc3 O-O-O 9. Be3 Bb4 10. Ne2 f5 11. O-O-O
fxe4 12. Nxe4 Nf6 13. Nxf6 gxf6 14. Nf4 Bd6 15. h3 Rhg8
16. Rhg1 Bxf4 17. Bxf4 Be6 18. Rde1 Rde8 19. g4 Bf7 20. Be3 h5
21. gxh5 Bxh5 22. h4 Rxg1 23. Rxg1 Re4 24. Rg8+ Kd7 25. Rg7+
Kc8 26. Rh7 Rxh4 27. Kd2 b6 28. b4 a5 29. bxa5 bxa5 30. c3 Rh1
31. Rh6 f5 32. Bf4 Bf3 33. Rf6 Rd1+ 34. Ke3 Be4 35. c4 Rd3+
36. Ke2 Ra3 37. Rf7 Rxa2+ 38. Ke3 Ra3+ 39. Kd4 Rd3+ 40. Kc5
Rd7 41. Rxd7 Kxd7 42. Be5 a4 43. f4 a3 44. Kb4 a2 45. Ka3 Bb1
46. Kb2 Kc8 47. c5 Kb7 48. Ka1 Ka6 49. Bxc7 Kb5 50. Bd6 Kc4
51. Kb2 Kd4 52. Ka1 Ke4 53. Kb2 1/2-1/2

[Event "World Rapid Championship"]
[Site "Moscow RUS"]
[Date "2019.12.26"]
[EventDate "2019.12.26"]
[Round "1.48"]
[Result "1/2-1/2"]
[White "Yinglun Xu"]
[Black "Santosh Gujrathi Vidit"]
[WhiteElo "2555"]
[BlackElo "2721"]
[PlyCount "54"]

1. d4 Nf6 2. c4 e6 3. Nf3 d5 4. Nc3 Bb4 5. Qb3 c5 6. dxc5 Nc6 7. Bg5 Qa5 8. Bxf6
dxc4 9. Qxc4 gxf6 10. Rc1 Qxc5 11. Qh4 Ke7 12. g3 Bxc3+ 13. Rxc3 Qb6 14. Nd2
Qxb2 15. Ne4 Qb1+ 16. Kd2 Rd8+ 17. Ke3 Qb6+ 18. Kf3 Nd4+ 19. Kg2 e5 20. Rc5 Qe6
21. e3 Nc6 22. Bc4 Qf5 23. Rb1 Kf8 24. Qh6+ Ke7 25. Qh4 Kf8 26. Qh6+ Ke7 27. Qh4 1/2-1/2

[Event "World Rapid Championship"]
[Site "Moscow RUS"]
[Date "2019.12.26"]
[EventDate "2019.12.26"]
[Round "2.53"]
[Result "1-0"]
[White "Santosh Gujrathi Vidit"]
[Black "Nikita Afanasiev"]
[WhiteElo "2721"]
[BlackElo "2517"]
[PlyCount "80"]

1. d4 Nf6 2. c4 e6 3. Nf3 b6 4. g3 Ba6 5. b3 b5 6. Bg2 bxc4 7. Ne5 d5 8. bxc4 c6
9. O-O Nfd7 10. Nxd7 Nxd7 11. c5 e5 12. dxe5 Bxc5 13. Bb2 Rb8 14. Qc2 Qb6 15. e6
fxe6 16. Bxg7 Rg8 17. Qxh7 Rxg7 18. Qxg7 Bd4 19. Qg6+ Ke7 20. Nd2 Bxa1 21. Rxa1
Qd4 22. Qg5+ Nf6 23. Rc1 Rg8 24. Nf3 Qb6 25. Qe5 Rg4 26. Ng5 Bc8 27. Bh3 Qd4 28.
Qxd4 Rxd4 29. Rxc6 Rc4 30. Rxc4 dxc4 31. Kf1 c3 32. Ke1 Nd5 33. Kd1 Kd6 34. Kc2
Kc5 35. Bxe6 Bxe6 36. Nxe6+ Kc4 37. a3 Nf6 38. h4 Ng4 39. h5 Nxf2 40. h6 Kd5 1-0

[Event "World Rapid Championship"]
[Site "Moscow RUS"]
[Date "2019.12.26"]
[EventDate "2019.12.26"]
[Round "4.32"]
[Result "0-1"]
[White "Santosh Gujrathi Vidit"]
[Black "Mateusz Bartel"]
[WhiteElo "2721"]
[BlackElo "2634"]
[PlyCount "66"]

1. d4 d5 2. c4 c6 3. Nf3 Nf6 4. Nc3 dxc4 5. a4 Bf5 6. Ne5 e6 7. f3 Bb4 8. Kf2
Bc2 9. Qd2 Bb3 10. e4 c5 11. dxc5 Bxc5+ 12. Ke1 Nbd7 13. Nxc4 O-O 14. a5 Bb4 15.
a6 Qc7 16. Na3 bxa6 17. Bxa6 Rfd8 18. Qe3 Bc5 19. Qe2 Ne5 20. Be3 Qb6 21. Bxc5
Qxc5 22. Qf2 Qb4 23. Nc2 Bxc2 24. Qxc2 Rab8 25. Rb1 Nh5 26. Kf1 Nf4 27. Rd1
Rxd1+ 28. Nxd1 Rd8 29. g3 Nxf3 30. gxf4 Qe1+ 31. Kg2 Rd2+ 32. Qxd2 Nh4+ 33. Kh3
Qxd2 0-1

[Event "World Rapid Championship"]
[Site "Moscow RUS"]
[Date "2019.12.26"]
[EventDate "2019.12.26"]
[Round "5.50"]
[Result "1/2-1/2"]
[White "Konstantin Sakaev"]
[Black "Santosh Gujrathi Vidit"]
[WhiteElo "2596"]
[BlackElo "2721"]
[PlyCount "110"]

1. d4 Nf6 2. c4 e6 3. Nf3 d5 4. g3 Bb4+ 5. Bd2 Be7 6. Bg2 O-O 7. O-O Nbd7 8. Qc2
Ne4 9. Bf4 c6 10. Nc3 g5 11. Bc1 f5 12. Nd2 Nd6 13. b3 g4 14. Bb2 Nf6 15. c5 Nf7
16. b4 b6 17. Nb3 Rb8 18. Bc1 bxc5 19. bxc5 Ba6 20. Bf4 Rb4 21. a3 Rb7 22. Rfb1
Ne4 23. Nd2 Rxb1+ 24. Rxb1 Nxc3 25. Qxc3 Bf6 26. e3 Re8 27. Nb3 Qd7 28. Bf1 Bxf1
29. Kxf1 e5 30. dxe5 Nxe5 31. Bxe5 Bxe5 32. Nd4 Kf7 33. Qd3 Kg6 34. a4 Bxd4 35.
Qxd4 Qc8 36. Qf4 Qd7 37. a5 Qc8 38. Kg1 Re7 39. Rb8 Qe6 40. Rd8 Rd7 41. Rxd7
Qxd7 42. Qb8 a6 43. Qa8 d4 44. Qg8+ Kh6 45. exd4 Qxd4 46. Qe6+ Kg5 47. Qxc6 Qd3
48. Kg2 h5 49. Qb7 Kf6 50. Qc6+ Ke7 51. Qb7+ Ke6 52. Qb6+ Ke5 53. Qc7+ Ke6 54.
Qc8+ Ke7 55. Qb7+ Ke6 1/2-1/2

[Event "World Rapid Championship"]
[Site "Moscow RUS"]
[Date "2019.12.27"]
[EventDate "2019.12.26"]
[Round "6.48"]
[Result "1-0"]
[White "Santosh Gujrathi Vidit"]
[Black "Ivan Rozum"]
[WhiteElo "2721"]
[BlackElo "2573"]
[PlyCount "126"]

1. d4 Nf6 2. c4 e6 3. Nc3 Bb4 4. Nf3 b6 5. Qc2 Bb7 6. a3 Bxc3+ 7. Qxc3 O-O 8.
Bg5 h6 9. Bh4 d6 10. Nd2 c5 11. dxc5 bxc5 12. e3 Nbd7 13. Be2 a5 14. O-O Qb6 15.
Rfd1 Rfe8 16. b3 Rab8 17. Bg3 Rbd8 18. Rab1 d5 19. cxd5 exd5 20. Bf3 Nf8 21. b4
cxb4 22. axb4 a4 23. Bc7 Rc8 24. Bxb6 Rxc3 25. Ra1 Ra8 26. Ba5 Bc6 27. Nb1 Rb3
28. Rc1 Bd7 29. Nc3 Rc8 30. Nxd5 Rxc1+ 31. Rxc1 a3 32. Nc3 Be6 33. h3 N8d7 34.
Bd1 Rb2 35. Na4 Rd2 36. b5 Rd5 37. Nc3 Rd3 38. Bb4 Nd5 39. Nxd5 Rxd5 40. Bxa3
Rxb5 41. Rc8+ Kh7 42. Bc2+ g6 43. Rc7 h5 44. Kh2 Kg7 45. Ba4 Rd5 46. Bb2+ Kh7
47. Bd4 Rd6 48. Rc8 Nf6 49. Rb8 Bf5 50. f3 Ng8 51. g4 hxg4 52. hxg4 Be6 53. Kg3
Ra6 54. Bc2 Rc6 55. Be4 Rc1 56. Kf4 Rc7 57. g5 Rc1 58. Rb7 Rh1 59. Ke5 Rg1 60.
f4 Rc1 61. Kd6 Rg1 62. Bd5 Bxd5 63. Kxd5 1-0

[Event "World Rapid Championship"]
[Site "Moscow RUS"]
[Date "2019.12.27"]
[EventDate "2019.12.26"]
[Round "7.39"]
[Result "1/2-1/2"]
[White "Volodar Murzin"]
[Black "Santosh Gujrathi Vidit"]
[WhiteElo "2442"]
[BlackElo "2721"]
[PlyCount "154"]

1. e4 e5 2. Nf3 Nc6 3. Bc4 Bc5 4. O-O Nf6 5. d3 O-O 6. a4 h6 7. h3 d6 8. Re1 a5
9. Nbd2 Be6 10. Bxe6 fxe6 11. c3 Nh5 12. Nf1 Nf4 13. Be3 Bxe3 14. Rxe3 Qf6 15.
Qd2 Rf7 16. N3h2 Raf8 17. Rg3 Kh7 18. Re1 Qh4 19. Ree3 d5 20. Rg4 Qf6 21. Rgg3
d4 22. Re1 Qh4 23. Rg4 Qd8 24. Rg3 Nh5 25. Re2 Nxg3 26. Nxg3 Qh4 27. c4 Qe7 28.
Ngf1 Qb4 29. Qc2 Nb8 30. Nd2 Nd7 31. Ndf3 Rf4 32. Qd1 Qe7 33. Rd2 b6 34. g3 R4f7
35. Kg2 Qb4 36. h4 Rf6 37. h5 R8f7 38. Nh4 Nc5 39. Ng4 Qxa4 40. Nxf6+ gxf6 41.
Qg4 Rg7 42. Ng6 Qe8 43. f4 exf4 44. Qxf4 Rf7 45. e5 fxe5 46. Qxe5 Qd8 47. g4 Qf6
48. Qxf6 Rxf6 49. Ne5 Rf8 50. Nc6 Kg7 51. Kg3 a4 52. Re2 Rf1 53. Nxd4 Kf6 54.
Nb5 c6 55. Nc3 e5 56. Rd2 Kg5 57. Re2 Rg1+ 58. Kh2 Rxg4 59. Rxe5+ Kf6 60. Re8
Nxd3 61. Nxa4 b5 62. Nc3 bxc4 63. Ne4+ Kf5 64. Nd6+ Kg5 65. Rg8+ Kxh5 66. Rxg4
Kxg4 67. Nxc4 c5 68. Kg2 Kf4 69. Kh3 Ke4 70. Kh4 Nf4 71. Kg4 Kd4 72. Na5 Ke4 73.
Nb3 h5+ 74. Kh4 Kd5 75. Nxc5 Kxc5 76. Kg5 Nd3 77. Kxh5 Nxb2 1/2-1/2

[Event "World Rapid Championship"]
[Site "Moscow RUS"]
[Date "2019.12.27"]
[EventDate "2019.12.26"]
[Round "8.41"]
[Result "1-0"]
[White "Santosh Gujrathi Vidit"]
[Black "Valentin Dragnev"]
[WhiteElo "2721"]
[BlackElo "2553"]
[PlyCount "142"]

1. d4 Nf6 2. c4 e6 3. Nf3 d5 4. e3 c5 5. Nc3 Nc6 6. cxd5 exd5 7. Bb5 cxd4 8.
Nxd4 Bd7 9. O-O Bd6 10. Nf3 Bf5 11. b3 O-O 12. Bb2 Rc8 13. Rc1 Bb8 14. Ne2 Ne4
15. Nf4 a6 16. Be2 Ne7 17. Rxc8 Bxc8 18. Qa1 f6 19. Rd1 Rf7 20. Qc1 b5 21. Nd4
Bb7 22. Bh5 g6 23. Bg4 f5 24. Bf3 Qc7 25. Nde6 Qxc1 26. Rxc1 Bc8 27. Nd8 Rf8 28.
Ba3 Rxd8 29. Bxe7 Re8 30. Nxd5 Kf7 31. Ba3 Be5 32. Bb4 Be6 33. Nf4 Bc8 34. h4
Bb7 35. Ba5 h6 36. Nd3 Bf6 37. Rc7+ Re7 38. Rxe7+ Kxe7 39. g3 g5 40. hxg5 hxg5
41. g4 fxg4 42. Bxg4 Bc3 43. Bb6 Bd5 44. Bf3 Kd6 45. Bd8 Bf6 46. Bxf6 Nxf6 47.
Bxd5 Nxd5 48. a3 Nc3 49. Nb4 a5 50. Nc2 Ne4 51. Nd4 b4 52. axb4 axb4 53. f3 Nf6
54. Kf2 g4 55. Kg3 gxf3 56. Kxf3 Kd5 57. Nc2 Kc5 58. e4 Nd7 59. Kf4 Nb8 60. e5
Nc6 61. Ke4 Ne7 62. Nd4 Nc8 63. Ne6+ Kc6 64. Kd4 Nb6 65. Nf4 Kb5 66. Nd3 Nc8 67.
e6 Ne7 68. Ke5 Nc6+ 69. Kd6 Nd4 70. e7 Nf5+ 71. Kd7 1-0

[Event "World Rapid Championship"]
[Site "Moscow RUS"]
[Date "2019.12.27"]
[EventDate "2019.12.26"]
[Round "9.28"]
[Result "1/2-1/2"]
[White "Sarin Nihal"]
[Black "Santosh Gujrathi Vidit"]
[WhiteElo "2612"]
[BlackElo "2721"]
[PlyCount "106"]

1. Nf3 Nf6 2. c4 c5 3. Nc3 Nc6 4. g3 d5 5. d4 cxd4 6. Nxd4 dxc4 7. Nxc6 Qxd1+ 8.
Nxd1 bxc6 9. Bd2 Rb8 10. Rc1 Be6 11. f3 c3 12. Rxc3 Bxa2 13. Rxc6 e6 14. e4 Nd7
15. Bc3 Bb3 16. Bc4 Bxc4 17. Rxc4 f6 18. Rc6 Be7 19. Ke2 Nb6 20. Rc7 a6 21. Ne3
Rc8 22. Rxc8+ Nxc8 23. Ra1 Kd7 24. Rxa6 h5 25. h3 Bd6 26. e5 fxe5 27. Nc4 e4 28.
fxe4 Bxg3 29. Bxg7 Rg8 30. Bf6 Bc7 31. Ne5+ Bxe5 32. Bxe5 Rg5 33. Ra5 Nb6 34. b3
Kc6 35. Kf3 h4 36. b4 Nd7 37. Bf4 Rg1 38. Ra6+ Kb5 39. Rxe6 Kxb4 40. Rd6 Nc5 41.
e5 Kc4 42. e6 Rg7 43. Rc6 Kb5 44. Rd6 Re7 45. Be3 Nxe6 46. Rd5+ Kc6 47. Rh5 Ng7
48. Rh6+ Re6 49. Rh7 Nf5 50. Bf4 Nd4+ 51. Kg4 Re4 52. Rxh4 Ne6 53. Kf5 Rxf4+ 1/2-1/2

[Event "World Rapid Championship"]
[Site "Moscow RUS"]
[Date "2019.12.27"]
[EventDate "2019.12.26"]
[Round "10.30"]
[Result "1/2-1/2"]
[White "Santosh Gujrathi Vidit"]
[Black "Nikita Petrov"]
[WhiteElo "2721"]
[BlackElo "2585"]
[PlyCount "94"]

1. Nf3 d5 2. d4 Nf6 3. c4 e6 4. e3 b6 5. Nc3 Bb7 6. cxd5 exd5 7. Bb5+ c6 8. Bd3
Nbd7 9. O-O Be7 10. b3 O-O 11. Bb2 Bd6 12. Qc2 Re8 13. Rfe1 Rc8 14. Rac1 g6 15.
Rcd1 Qc7 16. h3 Qb8 17. e4 dxe4 18. Nxe4 Nxe4 19. Bxe4 Nf6 20. Bd3 Nd5 21. Bc4
Rxe1+ 22. Rxe1 Re8 23. Qd1 Rxe1+ 24. Qxe1 Qd8 25. Ne5 Qe7 26. Qd2 f6 27. Ng4 h5
28. Ne3 Kg7 29. Nxd5 cxd5 30. Bd3 h4 31. Bc1 g5 32. Qd1 Bc8 33. Be3 Qf7 34. Qd2
Qc7 35. Bb1 Bf4 36. Qd3 f5 37. Qd2 Kf6 38. Qe2 Bxe3 39. Qxe3 Ba6 40. a4 Qf4 41.
Qc3 Qd6 42. Qe3 Qe6 43. Qd2 Qe2 44. Qc1 Qe6 45. Qd2 Qe2 46. Qc1 Qe6 47. Qd2 1/2-1/2

[Event "World Rapid Championship"]
[Site "Moscow RUS"]
[Date "2019.12.28"]
[EventDate "2019.12.26"]
[Round "11.29"]
[Result "1/2-1/2"]
[White "Chithambaram VR Aravindh"]
[Black "Santosh Gujrathi Vidit"]
[WhiteElo "2605"]
[BlackElo "2721"]
[PlyCount "88"]

1. Nf3 d5 2. d4 Nf6 3. c4 e6 4. g3 Be7 5. Bg2 O-O 6. O-O dxc4 7. Qc2 a6 8. a4
Bd7 9. Rd1 Bc6 10. Bg5 b5 11. Bxf6 Bxf6 12. Nc3 Qe8 13. h4 g6 14. Ne4 Nd7 15.
Ne5 Bxe5 16. dxe5 Bxe4 17. Bxe4 Rd8 18. axb5 axb5 19. Bc6 Qe7 20. Bxb5 Nxe5 21.
Bxc4 Rxd1+ 22. Rxd1 Rd8 23. Rxd8+ Qxd8 24. Qe4 Qd6 25. b3 Qc5 26. Kg2 Kg7 27. e3
h6 28. Be2 Qd6 29. b4 f5 30. Qb7 g5 31. hxg5 hxg5 32. f4 gxf4 33. gxf4 Nc6 34.
b5 Ne7 35. Kf3 Qc5 36. Qa6 Kf7 37. Qa1 Nd5 38. Qe5 Qc1 39. Kf2 Nf6 40. Bf3 Qc2+
41. Ke1 Qc1+ 42. Ke2 Qc2+ 43. Ke1 Qc1+ 44. Ke2 1/2-1/2

[Event "World Rapid Championship"]
[Site "Moscow RUS"]
[Date "2019.12.28"]
[EventDate "2019.12.26"]
[Round "12.26"]
[Result "1-0"]
[White "Santosh Gujrathi Vidit"]
[Black "Arman Pashikian"]
[WhiteElo "2721"]
[BlackElo "2605"]
[PlyCount "48"]

1. d4 Nf6 2. c4 e6 3. Nf3 d5 4. Nc3 Bb4 5. Qa4+ Nc6 6. e3 O-O 7. Qc2 b6 8. cxd5
exd5 9. Bd2 Bb7 10. a3 Bd6 11. Nb5 Ne4 12. Bd3 Re8 13. Nxd6 Qxd6 14. O-O a5 15.
Rfc1 Re6 16. Be1 f6 17. b4 axb4 18. axb4 Rxa1 19. Rxa1 Re8 20. b5 Ne7 21. Ra7
Rb8 22. Qa2 Ng5 23. Nxg5 fxg5 24. Rxb7 1-0

[Event "World Rapid Championship"]
[Site "Moscow RUS"]
[Date "2019.12.28"]
[EventDate "2019.12.26"]
[Round "13.11"]
[Result "1/2-1/2"]
[White "Vladimir3 Fedoseev"]
[Black "Santosh Gujrathi Vidit"]
[WhiteElo "2677"]
[BlackElo "2721"]
[PlyCount "74"]

1. d4 Nf6 2. c4 e6 3. Nf3 d5 4. Nc3 Bb4 5. Qb3 c5 6. dxc5 Nc6 7. Bg5 Qa5 8. Bxf6
dxc4 9. Qxc4 gxf6 10. Rc1 Qxc5 11. Qh4 Ke7 12. g3 Bxc3+ 13. Rxc3 Qb4 14. Qxb4+
Nxb4 15. a3 Nd5 16. Rc2 Bd7 17. Bg2 Rac8 18. Nd4 Rxc2 19. Nxc2 Rc8 20. Kd2 Ba4
21. Rc1 Bxc2 22. Rxc2 Rxc2+ 23. Kxc2 Kd6 24. Kd3 b6 25. Kc4 Nc7 26. e4 e5 27.
Bh3 h6 28. Bg4 Ke7 29. a4 Kf8 30. Kb4 Ke7 31. a5 Kf8 32. axb6 axb6 33. Be2 Ke7
34. Bc4 Ne8 35. Bd3 Nd6 36. Kc3 Kf8 37. h4 1/2-1/2

[Event "World Rapid Championship"]
[Site "Moscow RUS"]
[Date "2019.12.28"]
[EventDate "2019.12.26"]
[Round "14.13"]
[Result "1/2-1/2"]
[White "Santosh Gujrathi Vidit"]
[Black "Sergey Karjakin"]
[WhiteElo "2721"]
[BlackElo "2754"]
[PlyCount "42"]

1. d4 Nf6 2. c4 e6 3. Nf3 d5 4. Nc3 Be7 5. Bf4 O-O 6. e3 b6 7. Bd3 dxc4 8. Bxc4
Ba6 9. Qe2 Bxc4 10. Qxc4 c5 11. dxc5 Bxc5 12. O-O Qc8 13. Rac1 Nbd7 14. Rfd1 Rd8
15. Qa4 Qb7 16. h3 Rac8 17. Ne5 Be7 18. Nxd7 Rxd7 19. Bg5 Rdc7 20. Ne2 h6 21.
Bf4 1/2-1/2

[Event "World Rapid Championship"]
[Site "Moscow RUS"]
[Date "2019.12.28"]
[EventDate "2019.12.26"]
[Round "15"]
[Result "1-0"]
[White "Quang Liem Le"]
[Black "Santosh Gujrathi Vidit"]
[WhiteElo "2740"]
[BlackElo "2668"]
[PlyCount "80"]

1. e4 e5 2. Nf3 Nc6 3. Bc4 Bc5 4. O-O Nf6 5. d3 O-O 6. h3 d6 7. c3 h6 8.
Re1 a6 9. a4 a5 10. Nbd2 Be6 11. b3 Re8 12. Bb5 Bd7 13. Bb2 Ba7 14. Nf1 Ne7
15. Bxd7 Qxd7 16. Ng3 Ng6 17. d4 Rad8 18. c4 c6 19. Qc2 Qc7 20. Rad1 Nd7
21. Nf5 Ne7 22. N3h4 Nxf5 23. Nxf5 Kh7 24. Qc1 exd4 25. Nxd4 Bxd4 26. Bxd4
f6 27. Qf4 Ne5 28. Qf5+ Kg8 29. f4 Nf7 30. Re3 Kh8 31. Rde1 Rg8 32. Rg3
Rde8 33. Ree3 c5 34. Bc3 b6 35. Rg6 Qb7 36. Rxf6 gxf6 37. Bxf6+ Rg7 38. Qg6
Rg8 39. Rg3 Ng5 40. Rxg5 1-0

[Event "Prague Chess Festival (Masters)"]
[Site "Prague CZE"]
[Date "2020.02.13"]
[EventDate "2020.02.12"]
[Round "2"]
[Result "1/2-1/2"]
[White "David Anton Guijarro"]
[Black "Vidit Santosh Gujrathi"]
[WhiteElo "2697"]
[BlackElo "2721"]
[PlyCount "98"]

1. d4 Nf6 2. c4 e6 3. Nf3 d5 4. Nc3 Bb4 5. Bg5 h6 6. Bxf6 Qxf6
7. Qa4+ Nc6 8. e3 O-O 9. Be2 dxc4 10. O-O Bd7 11. Bxc4 Bxc3
12. bxc3 Rfd8 13. Be2 Be8 14. Qa3 Qe7 15. Qb2 b6 16. c4 Na5
17. e4 Qf6 18. Qd2 e5 19. d5 Bd7 20. Qe3 Nb7 21. Nd2 Nc5
22. Nb3 Qd6 23. g3 Re8 24. Rfc1 a5 25. Nxc5 Qxc5 26. Qxc5 bxc5
27. Rab1 Reb8 28. Rb5 a4 29. a3 Bxb5 30. cxb5 Kf8 31. Rxc5 Ra7
32. Kg2 Rb6 33. f4 exf4 34. gxf4 g5 35. Kf3 gxf4 36. e5 Rg6
37. Kxf4 Rg2 38. Bg4 Rd2 39. Ke3 Rb2 40. d6 cxd6 41. exd6 Ra8
42. d7 Rd8 43. Kd4 Ke7 44. Re5+ Kd6 45. Rd5+ Kc7 46. Kc5 Rc2+
47. Kb4 Rb2+ 48. Kc5 Rc2+ 49. Kb4 Rb2+ 1/2-1/2

[Event "Prague Chess Festival (Masters)"]
[Site "Prague CZE"]
[Date "2020.02.14"]
[EventDate "2020.02.11"]
[Round "3"]
[Result "1-0"]
[White "Vidit Santosh Gujrathi"]
[Black "Markus Ragger"]
[WhiteElo "2721"]
[BlackElo "2670"]
[PlyCount "91"]

1. d4 Nf6 2. c4 g6 3. Nc3 d5 4. cxd5 Nxd5 5. e4 Nxc3 6. bxc3
Bg7 7. Be3 c5 8. Nf3 Qa5 9. Qd2 Nc6 10. Rb1 a6 11. Rc1 cxd4
12. cxd4 Qxd2+ 13. Kxd2 e6 14. Bd3 O-O 15. h4 h6 16. Rc5 Rd8
17. Rb1 Bf8 18. Rc4 Bd7 19. Rb6 Be8 20. Rc1 Bg7 21. e5 Bf8
22. Rxb7 Nb4 23. Bc4 Bc6 24. Rc7 Bb5 25. Bb3 Nd5 26. Bxd5 Rxd5
27. Rc8 Rd8 28. Rxa8 Rxa8 29. Bf4 Kg7 30. Rc7 Bb4+ 31. Ke3 Rd8
32. g4 Rd7 33. Rc8 a5 34. Bg3 Ba6 35. Rc2 Bb7 36. Ng1 g5
37. f4 gxf4+ 38. Bxf4 Be7 39. h5 Ba6 40. Nf3 Bb4 41. g5 hxg5
42. Nxg5 Bb7 43. Ne4 Be7 44. Nd6 Bd5 45. h6+ Kg6 46. Rc1 1-0

[Event "Prague Chess Festival (Masters)"]
[Site "Prague CZE"]
[Date "2020.02.15"]
[EventDate "2020.02.12"]
[Round "4.5"]
[Result "1/2-1/2"]
[White "Nils Grandelius"]
[Black "Vidit Santosh Gujrathi"]
[WhiteElo "2659"]
[BlackElo "2721"]
[PlyCount "70"]

1. e4 e5 2. Nf3 Nc6 3. Bb5 Nf6 4. d3 Bc5 5. c3 d5 6. exd5 Qxd5
7. Bc4 Qd6 8. Nbd2 Bf5 9. b4 Bb6 10. Ng5 O-O 11. Nde4 Nxe4
12. dxe4 Qxd1+ 13. Kxd1 Bg4+ 14. f3 Bd7 15. a4 h6 16. a5 hxg5
17. Bxg5 Bxa5 18. bxa5 b6 19. Bd5 Rac8 20. axb6 cxb6 21. h4
Rfe8 22. Bxc6 Rxc6 23. Rxa7 Be6 24. Ra3 b5 25. Ke2 Rec8
26. Bd2 Rd8 27. Rha1 Kh7 28. Ra8 Bc4+ 29. Ke1 Rd3 30. R1a6
Rxa6 31. Rxa6 b4 32. Rc6 bxc3 33. Rxc4 Rxd2 34. g4 Rh2
35. Rxc3 Rxh4 1/2-1/2

[Event "Prague Chess Festival (Masters)"]
[Site "Prague CZE"]
[Date "2020.02.18"]
[EventDate "2020.02.11"]
[Round "6"]
[Result "1/2-1/2"]
[White "Nikita Vitiugov"]
[Black "Vidit Santosh Gujrathi"]
[WhiteElo "2731"]
[BlackElo "2721"]
[PlyCount "78"]

1. d4 Nf6 2. Bf4 e6 3. e3 c5 4. Nf3 cxd4 5. exd4 b6 6. h3 Be7
7. a4 O-O 8. Nbd2 d6 9. Bb5 Ba6 10. O-O Bxb5 11. axb5 Nd5
12. Bg3 Nc7 13. c4 a6 14. bxa6 Rxa6 15. Qb3 Qd7 16. Rxa6 Nbxa6
17. Ra1 Rb8 18. Ne4 h6 19. Nc3 Bf8 20. Qa4 Qxa4 21. Rxa4 Rb7
22. b4 Nb8 23. b5 Nd7 24. Kf1 f5 25. h4 Be7 26. Bf4 Kf7
27. Na2 e5 28. dxe5 Nc5 29. Ra3 d5 30. cxd5 Nxd5 31. Bd2 Ne4
32. Rd3 Ra7 33. Nc1 Nc7 34. Be3 Ra1 35. g3 Nc5 36. Rd1 Nxb5
37. Re1 Ke6 38. Ne2 Rxe1+ 39. Kxe1 g5 1/2-1/2